00949cam a22002411 4500001001300000003000400013005001700017008004100034010001700075035001900092040005300111050001600164082001300180100005100193245013000244260004900374300001800423490006400441651003300505650004100538810006300579810006500642sd 46000034 DLC20260227112735.0780328s1946 dcu f000 0 eng c asd 46000034  a(OCoLC)3757084 aU.S. Dept. of State LibrarycNGenoUdNGenoUdDLC00aD802.G3bB9 a940.53431 aByrnes, James F.q(James Francis),d1882-1972.10aRestatement of U.S. policy in Germany;caddress by the Secretary of State delivered in Stuttgart, Germany, September 6, 1946. a[Washington,bU.S. Govt. Print. Off.,c1946] a17 p.c21 cm.1 aU.S. Dept. of State. Publication 2616. European series,v13 0aGermanyxHistoryy1945-1955. 0aReconstruction (1939-1951)zGermany.1 aUnited States.bDepartment of State.tPublication ;v2616.1 aUnited States.bDepartment of State.tEuropean series ;v13.